[Event "GER-chT School WK 3"]
[Site "Playchess.com INT"]
[Date "2020.06.15"]
[Round "3.3"]
[White "Weingart, Lara"]
[Black "Wendland, Leopold"]
[Result "1-0"]
[WhiteElo "1647"]
[BlackElo "1620"]
[PlyCount "51"]
[EventDate "2020.06.15"]
[EventType "team-swiss (blitz)"]
[EventRounds "5"]
[EventCountry "GER"]
[SourceTitle "EXT 2021"]
[Source "ChessBase"]
[SourceDate "2020.10.23"]
[SourceVersion "1"]
[SourceVersionDate "2020.10.23"]
[SourceQuality "1"]
[WhiteTeam "Jena Carl Zeiss Gymn"]
[BlackTeam "Bonn Beethoven Gymn"]
[WhiteTeamCountry "GER"]
[BlackTeamCountry "GER"]

1. e4 d5 2. exd5 Nf6 3. c4 Bg4 4. f3 Bf5 5. Nc3 e6 6. dxe6 Bxe6 7. Bd3 Nc6 8. Nge2 Bb4 9. 0-0 Bxc3 10. dxc3 0-0 11. Bg5 Qd7 12. Nd4 Nxd4 13. cxd4 Qxd4+ 14. Kh1 Bxc4 15. Bxh7+ Kxh7 16. Qxd4 Bxf1 17. Rxf1 Nh5 18. g4 Ng3+ 19. hxg3 Rad8 20. Qxa7 Rd2 21. Bxd2 Kg6 22. Kg2 Rd8 23. Bf4 c5 24. Qxc5 b5 25. Qxb5 Rd4 26. Qf5# 1-0